Countries With the Most Dogs (Top 10) - Statistics

General Stats
  • This quiz has been taken 23 times
  • The average score is 8 of 10
Answer Stats
Hint Answer % Correct
35.7 million Brazil
100%
27.4 million China
95%
7.4 million France
95%
10.2 million India
95%
15 million Russia
95%
75.8 million United States
95%
12 million Japan
80%
10 million Argentina
75%
11.6 million Philippines
30%
4.1 million Romania
10%
No matching quizzes found
Score Distribution
Percent of People with Each Score
Percentile by Number Answered
Your Score History
You have not taken this quiz